Statistics for Every NBA Team's Assist Leader Since 2000

Click here to take the quiz!

General Stats

  • This quiz has been taken 25 times
  • The average score is 24 of 30

Answer Stats

HintAnswer% Correct
Bucks (3,577*)Giannis Antetokounmpo
100%
Kings (2,618*)De'Aaron Fox
96%
Heat (5,310)Dwyane Wade
96%
Cavaliers (6,228)LeBron James
96%
Nuggets (4,277*)Nikola Jokic
96%
Warriors (5,888*)Steph Curry
96%
Hawks (3,634*)Trae Young
96%
Clippers (4,023)Chris Paul
91%
Rockets (4,796)James Harden
91%
Lakers (5,826)Kobe Bryant
91%
Thunder (6,897)Russell Westbrook
91%
Suns (6,597)Steve Nash
91%
Spurs (6,829)Tony Parker
91%
Trail Blazers (5,151)Damian Lillard
87%
Nets (4,620)Jason Kidd
87%
Wizards (5,282)John Wall
87%
Hornets (3,308)Kemba Walker
87%
Mavericks (3,604)Dirk Nowitzki
83%
Grizzlies (4,509)Mike Conley
83%
Celtics (4,474)Rajon Rondo
83%
Pistons (2,984)Chauncey Billups
78%
Pelicans (4,228)Chris Paul
78%
Raptors (4,277)Kyle Lowry
78%
76ers (3,101)Allen Iverson
70%
Jazz (4,003)Deron Williams
61%
Timberwolves (3,424)Ricky Rubio
52%
Magic (3,501)Jameer Nelson
48%
Bulls (3,811)Kirk Hinrich
39%
Knicks (2,004)Stephon Marbury
30%
Pacers (2,786)Jamaal Tinsley
17%

Score Distribution

Percentile by Number Answered

Percent of People with Each Score

Your Score History

You have not taken this quiz